000 01153nam a2200265Ia 4500
003 OSt
005 20220923211525.0
006 a|||||r|||| 00| 0
007 ta
008 220922b |||||||| |||| 00| 0 hin d
020 _a9789381350522 (hbk)
_c400
024 _a289,953
037 _b24574, 15/03/2016, Kitab Ghar
_cTextual
040 _aARTS
_cARTS
_bhin
041 _2hin
_ahin
082 _aO44(Y5927):g, 152Q4
100 _aविजयपाल, संपा.
_9156275
245 0 _aदलित साहित्य मूल्यांकन* नाटक, आत्मकथा, कविता, कहानी, उपन्यास, पत्रकारिता
246 _aDalit sāhitya mūlyāankana: nāṭaka, ātmakathā, kavitā, kahānī, upanyāsa, patrakāritā
260 _aदिल्ली
_b श्री नटराज प्रकाशन
_c2014
300 _a200पृ.
_ccm.
650 _aहिन्दी साहित्य
_9156264
942 _hO44(Y5927):g, 152Q4
_cTEXL
_2CC
999 _c300417
_d300417